000
00246nam a2200097Ia 4500
001
648485
005
20250826153723.0
008
250824s9999 xx 000 0 und d
245
0
_a
KORKUSUZ CENGAVER
_c
AHMET YILMAZ BOYUNAĞA
260
_b
GENÇ TİMAŞ
999
_c
648485
_d
648485